Making online news (Registro nro. 76059)

Detalles MARC
000 -ENCABEZADO
Número de control [NR] 01364nam a2200325Ia 4500
005 - FECHA Y HORA DE LA ÚLTIMA TRANSACCIÓN
control field 20220520110256.0
008 - DE LONGITUD FIJA DE DATOS DE ELEMENTOS - INFORMACIÓN GENERAL
Elementos de longitud fija [NR] 130821s20082011xxu gr eng
020 ## - NUMERO INTERNACIONAL NORMALIZADO PARA LIBROS [R]
Número Internacional Normalizado del libro [NR] 9781433102134 (V.1)
020 ## - NUMERO INTERNACIONAL NORMALIZADO PARA LIBROS [R]
Número Internacional Normalizado del libro [NR] 9781433110658 (V.2)
022 ## - NUMERO INTERNACIONAL NORMALIZADO PARA PUBLICACIONES SERIADAS
Número Internacional Normalizado para Publicaciones Seriadas [NR] 1526-3169
040 ## - FUENTE DE CATALOGACION [NR]
Agencia de catalogación original [NR] Co-BoUCM
Idioma de catalogación [NR] spa
Quien Cataloga Deissy Garcia (modificó)
Quien Clasifica [Nuevo]
041 00 - CODIGO DE IDIOMA [R]
Código de idioma para texto/pista de sonido o título separado [R] Inglés
245 00 - MENCION DE TITULO [NR]
Título [NR] Making online news
Mención de responsabilidad, etc. [NR] edición David Domingo, Chris Paterson
260 ## - PUBLICACION, DISTRIBUCION, ETC. (PIE DE IMPRENTA) [R]
Lugar de publicación, distribución, etc. [R] Nueva York (Estados Unidos)
Nombre del editor, distribuidor, etc. [R] Pater Lang
Fecha de publicación, distribución, etc. [R] 2008-2011
300 ## - DESCRIPCION FISICA [R]
Extensión [R] volúmenes
490 #0 - MENCION DE SERIE [R]
Mención de serie [R] Digital Formations
Designación numérica/secuencial del volumen [NR] 67 / Steve Jones
490 #0 - MENCION DE SERIE [R]
Mención de serie [R] Digital Formations
Designación numérica/secuencial del volumen [NR] 49 / Steve Jones
500 ## - NOTA GENERAL [R]
Nota general [NR] Bibliografía Básica - Escuela de Ciencias Humanas - Pregrado en Periodismo y Opinión Pública
504 ## - NOTA DE BIBLIOGRAFIA, ETC. [R]
Nota de bibliografía, etc. [NR] Incluye referencias bibliográficas e índices
505 ## - NOTA DE CONTENIDO CON FORMATO PREESTABLECIDO [R]
Mención de responsabilidad [R] [V.1] The ethnography of new media production -- V.2. Newsroom ethnographies in the second decade of internet journalism
650 ## - ASIENTO SECUNDARIO DE MATERIA - TERMINO TEMATICO [R]
Término temático o nombre geográfico como elemento de entrada [NR] Internet (Red de computadores)
Subdivisión de forma [R] Aspectos sociales
9 (RLIN) 58458
650 ## - ASIENTO SECUNDARIO DE MATERIA - TERMINO TEMATICO [R]
Término temático o nombre geográfico como elemento de entrada [NR] Medios de comunicación de masas
9 (RLIN) 19235
650 ## - ASIENTO SECUNDARIO DE MATERIA - TERMINO TEMATICO [R]
Término temático o nombre geográfico como elemento de entrada [NR] Periodismo en internet
9 (RLIN) 21349
650 ## - ASIENTO SECUNDARIO DE MATERIA - TERMINO TEMATICO [R]
Término temático o nombre geográfico como elemento de entrada [NR] Periodismo
Subdivisión de forma [R] Aspectos sociales
9 (RLIN) 7909
650 ## - ASIENTO SECUNDARIO DE MATERIA - TERMINO TEMATICO [R]
Término temático o nombre geográfico como elemento de entrada [NR] Sociología
9 (RLIN) 386
700 1# - ASIENTO SECUNDARIO - NOMBRE PERSONAL [R]
Nombre personal [NR] Domingo, David
Término de relación [R] editor
9 (RLIN) 144275
700 1# - ASIENTO SECUNDARIO - NOMBRE PERSONAL [R]
Nombre personal [NR] Paterson, Chris
Término de relación [R] editor
9 (RLIN) 144276
942 ## - ELEMENTOS DE ENTRADA AGREGADOS (KOHA)
Tipo de ítem principal el descrito en 300a Libro
Tema principal Sociología
Edición 1
Parte restante de la signatura top. M235
Sistema de clasificación DEWEY
Clasificación 302.23
Título oculto en OPAC No
Existencias
Fecha de último préstamo Total préstamos Total Renewals Signatura topográfica Código de barras Última vez visto Volúmen / Fascículo Ejemplar Price effective from Tipo de ítem Perdido Sistema de clasificación Dañado No prestable Tipo de ítem específico Suprimido Ubicación habitual Ubicación actual Localización Fecha de creación Forma de adquisición Costo Costo de reposición
09/02/2023 8 2 302.23 M235 100120936 09/12/2025 V.2 Ej.1 03/02/2013 Libro   DEWEY     Libro   Claustro Claustro 2do piso 30/09/2011 Compra 290000.00  
09/02/2023 1 4 302.23 M235 100170251 09/12/2025 V.1 Ej.1 20/05/2022 Libro   DEWEY     Libro   Claustro Claustro 2do piso 20/05/2022 Compra 131520.00 131520.00